Make it shine (victorious) - lyrics - Statistics

General Stats
  • This quiz has been taken 87 times
  • The average score is 239 of 330
Answer Stats
Answer % Correct
I
100%
a
99%
it
99%
you
97%
You
97%
in
96%
In
96%
to
96%
to,
96%
don't
94%
dont
94%
the
94%
go
93%
hear
93%
be
92%
make
92%
on
92%
am
90%
and
90%
And
90%
have
90%
lost
90%
now
90%
shine
90%
your
90%
again
89%
dream
89%
feel
89%
Here
89%
know
89%
let
89%
once
89%
put
89%
action
88%
but
86%
But
86%
Feeling
86%
main
86%
When
86%
afraid
85%
attraction
85%
then
85%
where
85%
Just
83%
me
83%
remember
83%
are
81%
you'll
78%
You'll
78%
breathe
76%
I'm
76%
disappear
75%
moment
75%
never
74%
out
74%
somebody
74%
if
72%
If
72%
fantasy
71%
how
71%
Not
71%
You're
71%
gonna
69%
turns
69%
figure
68%
my
68%
that
68%
That
68%
fascination
67%
imagination
67%
right
65%
Tomorrow
65%
what
65%
could
64%
everybody's
64%
victory
64%
Cause
61%
live
58%
come
54%
only
53%
fade
47%
Or
46%
would
44%
we
31%
will
31%
get
26%
All
25%
all
25%
for
24%
I'll
24%
is
24%
it's
22%
It's
22%
like
21%
Like
21%
low
21%
there
21%
want
21%
high
19%
believe
18%
can
18%
letting
17%
need
17%
show
17%
they
17%
Everyone
15%
holding
15%
said
15%
been
14%
(Oh
14%
Reaching
14%
tell
14%
time
14%
done
13%
world
13%
air
11%
enough
11%
inside
11%
ready
11%
wanna
11%
as
10%
As
10%
mind
10%
change
8%
little
8%
long
8%
bit
7%
closer
7%
doubt
7%
run
7%
That's
7%
harder
4%
times
4%
woah)
4%
No matching quizzes found
Score Distribution
Percent of People with Each Score
Percentile by Number Answered
Your Score History
You have not taken this quiz